00420nam a2200133Ia 4500008004100000020001800041041000800059082001700067100003900084245011000123250000600233260003900239300000800278210716s2004 xx 000 0 und d a9780761934981 aeng a346.048 THOP aThomas, Pradip Ninan;Servaes, Jan. aIntellectual property rights and communications in Asia: conflicting traditions.bconflicting traditions. a1 aNew DelhibSage Publicationsc2004 a262